Gelir dağılımı =Income dıstrıbutıon (Record no. 8747)

MARC details
000 -BAŞLIK
Sabit Uzunlukta Kontrol Alanı 01101na a2200241 4500
001 - KONTROL NUMARASI
Denetim Alanı 22094
003 - KONTROL NUMARASI IDENTIFIER
Denetim Alanı MIRAKIL
005 - SON İŞLEM TARİHİ VE ZAMANI
Denetim Alanı 20181213155223.0
008 - SABİT-BOY VERİ ELEMANLARI - GENEL BİLGİLER
Sabit Uzunlukta Kontrol Alanı 170210b tu 000 0
020 ## - ULUSLARARASI STANDART KİTAP NUMARASI
Uluslararası Standart Kitap Numarası 9751903009
040 ## - KATALOGLAMA KAYNAK
Orijinal Kataloglama Ajansı Milas
Kataloglama Dili tur
Metne Dönüştürmek Ajansı TR-AnCHP
041 ## - DİL KODU
Metin / Ses Parça Veya Ayrı Başlığın Dil Kodu tur
-- eng
082 ## - DEWEY ONLU SINIFLANDIRMA NUMARASI
Sınıflandırma Numarası 339.2
Ürün Numarası G34 1987
090 ## - SINIFLAMA NUMARASI
Sınıflama Numarası 339.2 G34 1987
245 ## - BAŞLIK TABLOSU
Başlık Gelir dağılımı =Income dıstrıbutıon
Başlığın Kalan Hane halkı gelir ve tüketim harcamaları anketi sonuçları =Household ıncome and consumptıon expendıtures survey results
Sorumluluk Tablosu, Vb Devlet İstatistik Enstitüsü
246 ## - UNVAN FORM VARYING
Başlık Doğru / Kısa Başlığı Hane halkı gelir ve tüketim harcamaları anketi sonuçları =Household ıncome and consumptıon expendıtures survey results
260 ## - YAYIN, DAĞITIM, VB
Yayın, Dağıtım, Vb Yeri Ankara
Yayıncı, Dağıtıcı, Vs Adı Devlet İstatistik Enstitüsü
Yayın, Dağıtım, Vb Tarihi 1990
Üretici Firma Devlet İstatistik Enstitüsü matbaası
300 ## - FİZİKSEL TANIM
Kapsam 702 s.
Diğer Fiziksel Ayrıntıları tbl.
Boyutlar 28 sm.
490 ## - SERİSİ TABLOSU
Seri Beyanı Devlet İstatistik Enstitüsü
Hacim / Ardışık Tanımı 1441
650 ## - KONU KATMA GİRİŞ - TOPİKAL DÖNEM
Topikal Süreli Veya Coğrafi Ad Giriş Elemanı Gelir dağılımı
Genel Alt Bölümü Türkiye
Kronolojik Alt Bölümü 1987
740 ## - KATMA GİRİŞ - KONTROLSUZ İLGİLİ / ANALİTİK BAŞLIK
Kontrol Edilmeyen / İlgili Analitik Başlıktaki Hane halkı gelir ve tüketim harcamaları anketi sonuçları =Household ıncome and consumptıon expendıtures survey results
942 ## - EKLENDİ GİRİŞ ELEMANLARI (KOHA)
Sınıflandırma Veya Raf Düzeni Kaynak Dewey Decimal Classification
Koha Öğesi Türü Books
999 ## - SİSTEM KONTROL NUMARALARI (KOHA)
Koha Biblionumber 8747
Koha Biblioitemnumber 8747
Holdings
Kalıcı Konum Mevcut Konum Edinme Tarihi Edinim Kaynak Toplam Check-Out'Lar Tam Çağrı Numarası Barkod Tarih Son Görülme İtibaren Geçerli Fiyatlar Koha Öğesi Türü
CHP Kütüphanesi CHP Kütüphanesi 02/10/2017 Bağış   339.2 G34 1987 012380 02/10/2017 02/10/2017 Books